| 000 -ლიდერი |
| ფიქსირებული სიგრძის საკონტროლო ველი |
01826nam a2200265Ia 4500 |
| 001 - საკონტროლო ნომერი |
| საკონტროლო ველი |
21762 |
| 003 - საკონტროლო ნომრის იდენტიფიკატორი |
| საკონტროლო ველი |
GE_BSU |
| 005 - ბოლო ოპერაციის თარიღი და დრო |
| საკონტროლო ველი |
20220302171916.0 |
| 008 - ფიქსირებული სიგრძის მონაცემთა ელემენტები - ზოგადი ინფორმაცია |
| ფიქსირებული სიგრძის საკონტროლო ველი |
181216s ||||ge |||||||||||||| ||geo|| |
| 040 ## - კატალოგიზაციის წყარო |
| Transcribing agency |
GE_BSU |
| 041 ## - ენის კოდი |
| Language code of text/sound track or separate title |
geo |
| 080 ## - უნივერსალური ათობითი კლასიფიკაციის ინდექსი |
| Universal Decimal Classification number |
811.111'367 მ-47 |
| 100 ## - მთავარი ჩანაწერი - პიროვნების სახელი |
| Personal name |
მეგრელიშვილი, მ. |
| 9 (RLIN) |
13585 |
| 245 ## - ცნობა სათაურის შესახებ |
| Title |
ენის სინტაქსური სისტემა : |
| Remainder of title |
შეპირისპირებითი კვლევის ობიექტი / |
| Statement of responsibility, etc |
მ. მეგრელიშვილი ; რედ. მ. ბასიაშვილი. |
| 264 ## - წარმოების, გამოცემის, დისტრიბუციის და სხვა ცნობები |
| გამოცემის, წარმოების, დისტრიბუციის... ადგილი |
თბილისი : |
| გამოცემის, წარმოების, დისტრიბუციის... სახელწოდება |
განათლება, |
| გამოცემის, წარმოების, დისტრიბუციის... თარიღი |
1980. |
| 300 ## - ფიზიკური აღწერა |
| Extent |
150 გვ. ; |
| Dimensions |
21 სმ. |
| 500 ## - ზოგადი შენიშვნა |
| General note |
წინამდებარე წიგნში წარმოდგენილი უარყოფითი კონსტრუქციების სტრუქტურულ-სემანტიკური შეპირისპირებითი ანალიზი ქართულ და ინგლისურ ენებში არკვევს ამ ორი არამონათესავე ენის გამოხატულებისა და შინაარსის პლანებს |
| 504 ## - BIBLIOGRAPHY, ETC. NOTE |
| Bibliography, etc |
ბიბლიოგრაფია გვ.148 (11დასახ.) |
| 653 ## - INDEX TERM--UNCONTROLLED |
| Uncontrolled term |
ენის სინტაქსური სისტემა |
| 653 ## - INDEX TERM--UNCONTROLLED |
| Uncontrolled term |
შეპირისპირებითი კვლევის ობიექტი |
| 653 ## - INDEX TERM--UNCONTROLLED |
| Uncontrolled term |
ინგლისური ენის სინტაქსი |
| 653 ## - INDEX TERM--UNCONTROLLED |
| Uncontrolled term |
ქართული ენის სინტაქსი |
| 700 ## - ADDED ENTRY--PERSONAL NAME |
| Personal name |
ბასიაშვილი, მ. |
| Relator term |
რედაქტორი |
| 9 (RLIN) |
13586 |
| 942 ## - ADDED ENTRY ELEMENTS (KOHA) |
| Koha item type |
წიგნი |
| Source of classification or shelving scheme |
|